| 000 | 01222cam a2200325 a 4500 | ||
|---|---|---|---|
| 001 | 3578659 | ||
| 003 | OSt | ||
| 005 | 20150408113939.0 | ||
| 008 | 980225s1998 enk d 001 0 eng c | ||
| 020 | _a9780192801043 | ||
| 035 | _a(DLC) 99201836 | ||
| 035 | _a(OCoLC)40560666 | ||
| 040 |
_aMH _cMH _dNBL _dDLC |
||
| 042 | _apcc | ||
| 050 | 0 | 0 |
_aPE3721 _b.O95 1998 |
| 082 | 0 | 0 |
_a427.09 _221 |
| 245 | 0 | 4 |
_aThe Oxford dictionary of slang / _c[compiled by] John Ayto. |
| 246 | 3 | 0 | _aSlang |
| 260 |
_aOxford ; _aNew York : _bOxford University Press, _c1998. |
||
| 300 |
_a474 p. ; _c24 cm. |
||
| 500 | _a"A unique topic-by-topic review of English slang"--Jacket. | ||
| 500 | _aIncludes index. | ||
| 650 | 0 |
_aEnglish language _xSlang _vDictionaries. _95660 |
|
| 700 | 1 |
_aAyto, John. _95661 |
|
| 856 | 4 | 2 |
_3Publisher description _uhttp://www.loc.gov/catdir/enhancements/fy0640/99201836-d.html |
| 856 | 4 | 1 |
_3Table of contents only _uhttp://www.loc.gov/catdir/enhancements/fy0640/99201836-t.html |
| 856 | 4 | 2 |
_3Contributor biographical information _uhttp://www.loc.gov/catdir/enhancements/fy0726/99201836-b.html |
| 942 |
_2ddc _cBOOK |
||
| 999 |
_c17504 _d252004 |
||